[Event "VIE-ch U15 Girls"]
[Site "Hanoi"]
[Date "2022.06.14"]
[Round "5"]
[White "Hoang, My Ky Nam"]
[Black "Pham, Hoang Thien Nhi"]
[Result "1-0"]
[WhiteElo "2106"]
[BlackElo "2101"]
[PlyCount "49"]
[EventDate "2022.06.11"]
[EventType "swiss"]
[EventRounds "9"]
[EventCountry "VIE"]
[SourceTitle "EXT 2023"]
[Source "ChessBase"]
[SourceDate "2022.10.05"]
[SourceVersion "1"]
[SourceVersionDate "2022.10.05"]
[SourceQuality "1"]

1. e4 e5 2. Nf3 Nc6 3. Bc4 Bc5 4. d3 h6 5. Nc3 Nf6 6. Be3 Bb6 7. Qd2 Ba5 8. 0-0-0 0-0 9. h3 d6 10. g4 Bxc3 11. Qxc3 Be6 12. Bb3 Qd7 13. g5 hxg5 14. Bxg5 Nh7 15. Rdg1 Bxh3 16. Nh4 Nd4 17. Qd2 Bg4 18. Re1 Nxb3+ 19. axb3 Rfe8 20. Reg1 f6 21. Be3 g5 22. f3 Kf7 23. Rxg4 gxh4 24. Rgxh4 Nf8 25. Rh7+ 1-0

[Event "VIE-ch U15 Girls"]
[Site "Hanoi"]
[Date "2022.06.13"]
[Round "4"]
[White "Pham, Hoang Thien Nhi"]
[Black "Nguyen, Bui Khanh Hang"]
[Result "0-1"]
[WhiteElo "2101"]
[BlackElo "2116"]
[PlyCount "120"]
[EventDate "2022.06.11"]
[EventType "swiss"]
[EventRounds "9"]
[EventCountry "VIE"]
[SourceTitle "EXT 2023"]
[Source "ChessBase"]
[SourceDate "2022.10.05"]
[SourceVersion "1"]
[SourceVersionDate "2022.10.05"]
[SourceQuality "1"]

1. e4 c5 2. Nc3 Nc6 3. Nf3 g6 4. Bc4 Bg7 5. 0-0 a6 6. a4 d6 7. h3 Nf6 8. d4 cxd4 9. Nxd4 Bd7 10. Nf3 0-0 11. Re1 Rc8 12. Bb3 Nb4 13. e5 dxe5 14. Nxe5 e6 15. Bg5 Rc7 16. Ne4 Nbd5 17. Bxd5 exd5 18. Nxf6+ Bxf6 19. Bxf6 Qxf6 20. Qxd5 Be6 21. Qd3 Rd8 22. Qe4 Bf5 23. Qf3 Qb6 24. b3 Rxc2 25. Nc4 Qb4 26. Rad1 Rxd1 27. Rxd1 Qe7 28. Nd6 Rc5 29. Nxb7 Be4 30. Re1 Rc1 31. Qe2 Rxe1+ 32. Qxe1 Qxb7 33. f3 Bd5 34. b4 Qb6+ 35. Kh1 Qe6 36. Qc3 h5 37. Qd4 Bc4 38. Qd8+ Kh7 39. Qg5 Qe1+ 40. Kh2 Qxb4 41. a5 Qb8+ 42. f4 Qb5 43. Qxb5 Bxb5 44. g4 hxg4 45. hxg4 Kg7 46. g5 f6 47. Kg3 fxg5 48. fxg5 Kf7 49. Kf4 Ke6 50. Ke4 Bf1 51. Kf4 Kd5 52. Kg4 Kc5 53. Kf4 Kb5 54. Ke5 Kxa5 55. Kf6 Kb4 56. Kxg6 a5 57. Kf6 a4 58. g6 a3 59. g7 Bc4 60. g8Q Bxg8 0-1